| 000 | 00417nam a22001217a 4500 | ||
|---|---|---|---|
| 005 | 20260629103728.0 | ||
| 100 |
_aZulqarnain _a21-MSCS-13 _aSupervisor - Dr. Adnan Ahmed Arain _91005 |
||
| 245 | _aLeveraging Deep Neural Network for Sentiment Analysis on Google Play Stored Data ( Thesis MS) | ||
| 260 |
_aNawabshah _bQUEST _c2024 |
||
| 300 | _a90p. | ||
| 700 |
_aDepartment of Information Technology _9954 |
||
| 942 | _cTHESIS | ||
| 999 |
_c69066 _d69063 |
||